Sports Quiz

Random Sports or NBA Quiz

New Orleans Pelicans All-Time Leaders Quiz Stats

 Plays Quiz Updated May 14, 2018

Challenge
Share
Tweet
Embed
Score 0/50 Timer 08:00
3 Plays Today
Hint Answer % Correct
PointsAnthony Davis
94.4%
ReboundsAnthony Davis
94.4%
StealsAnthony Davis
94.4%
BlocksAnthony Davis
94.4%
PointsBaron Davis
92.5%
AssistsBaron Davis
92.5%
StealsBaron Davis
92.5%
PointsChris Paul
85.9%
ReboundsChris Paul
85.9%
AssistsChris Paul
85.9%
StealsChris Paul
85.9%
PointsDavid West
63.5%
AssistsDavid West
63.5%
ReboundsDavid West
63.5%
StealsDavid West
63.5%
BlocksDavid West
63.5%
AssistsAnthony Davis
58.3%
AssistsJrue Holiday
46%
StealsJrue Holiday
42.3%
StealsTyreke Evans
39.5%
AssistsTyreke Evans
39.1%
PointsRyan Anderson
38.7%
BlocksJason Smith
36.8%
ReboundsTyson Chandler
36.5%
BlocksTyson Chandler
36.5%
Hint Answer % Correct
PointsEric Gordon
36.2%
PointsTyreke Evans
35.8%
AssistsEric Gordon
31.9%
PointsJrue Holiday
31.4%
PointsPeja Stojakovic
31.3%
ReboundsOmer Asik
30.7%
StealsEric Gordon
30.5%
ReboundsRyan Anderson
29.9%
AssistsP.J. Brown
27.4%
PointsP.J. Brown
27.4%
ReboundsP.J. Brown
27.4%
StealsP.J. Brown
27.4%
BlocksP.J. Brown
27.4%
ReboundsEmeka Okafor
27%
BlocksEmeka Okafor
26.7%
AssistsDavid Wesley
23.7%
StealsDavid Wesley
23.5%
BlocksJrue Holiday
20.9%
ReboundsJamaal Magloire
18.5%
BlocksJamaal Magloire
18.5%
StealsAl-Farouq Aminu
14.3%
ReboundsAl-Farouq Aminu
14.1%
BlocksAlexis Ajinca
11.9%
AssistsGreivis Vasquez
11.4%
BlocksRasual Butler
9.1%

You're not logged in!

Compare scores with friends on all Sporcle quizzes.
OR
Log In

You Might Also Like...

Show Comments

Extras

Top Quizzes Today


Score Distribution

Your Account Isn't Verified!

In order to create a playlist on Sporcle, you need to verify the email address you used during registration. Go to your Sporcle Settings to finish the process.

Report this User

Report this user for behavior that violates our Community Guidelines.

Details: